000 00943nam a2200277Ia 4500
003 OSt
005 20221005111144.0
006 a|||||r|||| 00| 0
007 ta
008 221004b |||||||| |||| 00| 0 hin d
020 _a8170557658 (hbk)
_c400
024 _a17273
037 _b523, 21/03/2015, Vani Prakashan
_cTextual
040 _aCRL
_cCRL
_bhin
041 _2hin
_ahin
082 _aO152,1N387x, P8
100 _aनिदा फ़ाज़ली
245 0 _aऑंखों भर आकाश
246 _aऑankhoan bhar ākāsha
250 _a3 संस्करण
260 _aनई दिल्ली
_bवाणी प्रकाशन भारत
_c2008
300 _a164पृ0
_ccm.
650 _aहिन्दी साहित्य
942 _hO152,1N387x, P8
_cTEXL
_2cc
999 _c1020976
_d1020976